Microsoft Office 97 professional 6-in-1 step by step

Bibliographic Details
Corporate Authors: Catapult, Inc, Perspection, Inc
Format: Book
Language:English
Published: Redmond, Wash. : Microsoft Press , 1992.
Subjects:

MARC

LEADER 00000cam a2200000 7i4500
001 0000027237
005 20170427.0
008 170111 -us eng
020 |a 1572317035 
040 |a INS 
090 0 0 |a QA76.76.I57   |b M53 1992 
245 0 0 |a Microsoft Office 97 professional 6-in-1 step by step   |c Catapult [and] Perspection. 
260 |a Redmond, Wash. :   |b Microsoft Press ,   |c 1992. 
300 |a xliv, 753 p. :   |b ill. ;   |c 24 cm. +1 computer optical laser optical disc (4 3/4 in.). 
500 |a "Covers Microsoft Office 97 plus Windows 95 and Windows NT version 4.0"--Cover. 
500 |a "Self-study kit"--Cover. 
500 |a Includes index 
650 0 |a Integrated software 
650 0 |a Microsoft Office 
710 2 |a Catapult, Inc. 
710 2 |a Perspection, Inc. 
999 |a 0000024302   |b BOOK   |c Open Shelf   |e Default branch